Italienische Regionen - Statistiken

Allgemein
  • Dieses Quiz wurde 142 mal gespielt
  • Das Durchschnittsergebnis liegt bei 11 aus 20
Antwortstatistiken
Capital Region % Korrekt
Palermo Sizilien⁠
82%
Florenz Toskana
80%
Cagliari Sardinien⁠
71%
Mailand Lombardei
68%
Trient Trentino-Südtirol⁠
67%
Bologna Emilia-Romagna
63%
Catanzaro Kalabrien
60%
Bari Apulien
57%
Aosta Aostatal⁠
56%
Rom Latium
56%
Genua Ligurien
55%
Venedig Venetien
55%
Turin Piemont
51%
L'Aquila Abruzzen
49%
Triest Friaul-Julisch Venetien⁠
45%
Neapel Kampanien
44%
Perugia Umbrien
42%
Ancona Marken
37%
Campobasso Molise
30%
Potenza Basilikata
29%
Keine übereinstimmenden Quizze gefunden
Verteilung der Resultate
Anzahl Personen mit jedem Resultat
Perzentil nach korrekt beantworteten Fragen
Ihre Resultats-Entwicklung
Sie haben dieses Quiz noch nicht gespielt